Statistics for Countries, States etc on the "Countries Visited Map" by First Two Letters in 90 Seconds

Click here to take the quiz!

General Stats

  • This quiz has been taken 1,125 times
  • The average score is 181 of 271

Answers on the Map

Answers color-coded by a green-red scale on the quiz's map according to % correct below.
 

Answer Stats

ANSWER% Correct
North Carolina
96%
North Dakota
96%
Northern Ireland
96%
Northern Territory
96%
North Korea
96%
Northwest Territories
96%
Norway
96%
Nova Scotia
96%
Chad
94%
Chile
94%
China
94%
Nebraska
94%
Nepal
94%
Netherlands
94%
Nevada
94%
New Brunswick
94%
Newfoundland and Labrador
94%
New Hampshire
94%
New Jersey
94%
New Mexico
94%
New South Wales
94%
New York
94%
New Zealand
94%
California
93%
Cambodia
93%
Cameroon
93%
Cape Verde
93%
Alabama
92%
Alaska
92%
Albania
92%
Alberta
92%
Algeria
92%
Brazil
92%
British Columbia
92%
Brunei
92%
Moldova
92%
Monaco
92%
Mongolia
92%
Montana
92%
Montenegro
92%
Morocco
92%
Mozambique
92%
Solomon Islands
92%
Somalia
92%
South Africa
92%
South Australia
92%
South Carolina
92%
South Dakota
92%
South Korea
92%
South Sudan
92%
Macedonia
90%
Madagascar
90%
Maine
90%
Malawi
90%
Malaysia
90%
Maldives
90%
Mali
90%
Malta
90%
Manitoba
90%
Marshall Islands
90%
Maryland
90%
Massachusetts
90%
Mauritania
90%
Mauritius
90%
Russia
90%
Argentina
89%
Arizona
89%
Arkansas
89%
Armenia
89%
India
88%
Indiana
88%
Indonesia
88%
Mexico
86%
Saint Kitts and Nevis
85%
Saint Lucia
85%
Saint Vincent and the Grenadines
85%
Samoa
85%
San Marino
85%
São Tomé and Príncipe
85%
Saskatchewan
85%
Saudi Arabia
85%
Colombia
84%
Colorado
84%
Comoros
84%
Connecticut
84%
Costa Rica
84%
Côte d'Ivoire
84%
France
84%
French Guiana
84%
Iran
84%
Iraq
84%
Ireland
84%
Pakistan
84%
Palau
84%
Palestine
84%
Panama
84%
Papua New Guinea
84%
Paraguay
84%
Georgia
82%
Germany
82%
Kansas
81%
Kazakhstan
81%
Delaware
79%
Demoractic Republic of the Congo
79%
Denmark
79%
Pennsylvania
77%
Peru
77%
Poland
76%
Portugal
76%
Belarus
75%
Belgium
75%
Belize
75%
Benin
75%
Bolivia
75%
Bosnia and
Herzegovina
75%
Botswana
75%
Tennessee
75%
Texas
75%
Liberia
74%
Libya
74%
Liechtenstein
74%
Lithuania
74%
Swaziland
73%
Sweden
73%
Switzerland
73%
Tunisia
73%
Turkey
73%
Turkmenistan
73%
Tuvalu
73%
Spain
72%
Sudan
71%
Suriname
71%
Wales
71%
Washington
71%
Jamaica
70%
Japan
70%
United Arab Emirates
69%
Victoria
69%
Vietnam
69%
Virginia
69%
Fiji
68%
Finland
68%
Nicaragua
68%
Niger
68%
Nigeria
68%
Venezuela
68%
Vermont
68%
Greece
67%
Greenland
67%
Grenada
67%
Laos
67%
Latvia
67%
Bahamas
66%
Bahrain
66%
Bangladesh
66%
Barbados
66%
Michigan
65%
Minnesota
65%
Mississippi
65%
Missouri
65%
Taiwan
65%
Tajikistan
65%
Tanzania
65%
Tasmania
65%
Egypt
64%
Guatemala
64%
Guinea
64%
Guinea-Bissau
64%
Guyana
64%
Ukraine
64%
Andorra
60%
Angola
60%
Antigua and Barbuda
60%
Italy
59%
Namibia
59%
Nauru
59%
Bulgaria
58%
Burkina Faso
58%
Burundi
58%
Iceland
57%
Quebec
57%
Queensland
57%
Senegal
56%
Serbia
56%
Seychelles
56%
Western Australia
56%
West Virginia
56%
Kentucky
55%
Kenya
55%
Cuba
53%
Australian Capital Territory
52%
Austria
52%
England
52%
Oman
52%
Thailand
51%
Uruguay
51%
Yemen
50%
Ethiopia
49%
Louisiana
49%
Afghanistan
48%
Ecuador
48%
Haiti
47%
Hawaii
47%
Philippines
47%
Romania
47%
Scotland
47%
Florida
46%
Myanmar
46%
Lebanon
45%
Lesotho
45%
Oregon
44%
Idaho
43%
Kyrgyzstan
42%
Dominica
41%
Dominican Republic
41%
Eritrea
41%
Central African Republic
40%
Estonia
40%
Honduras
40%
Nunavut
40%
Ontario
40%
Sierra Leone
39%
Singapore
39%
Togo
39%
Tonga
39%
Uzbekistan
39%
Vanuatu
39%
Vatican City
39%
Syria
38%
Bhutan
37%
Illinois
37%
Oklahoma
37%
Republic of the Congo
37%
Zambia
37%
Zimbabwe
37%
Hungary
36%
Jordan
36%
Gabon
35%
Gambia
35%
Slovakia
35%
Slovenia
35%
Utah
35%
Croatia
34%
Kiribati
34%
Wyoming
34%
Czech Republic
33%
Kosovo
33%
Kuwait
33%
Yukon
33%
El Salvador
32%
Israel
32%
Luxembourg
32%
Ohio
32%
Wisconsin
32%
Iowa
31%
Sri Lanka
31%
Qatar
30%
Azerbaijan
28%
Ghana
28%
Djibouti
27%
Cyprus
22%
Federated States of Micronesia
22%
Uganda
22%
Equatorial Guinea
21%
Rwanda
20%
Trinidad and Tobago
20%
East Timor
19%
Puerto Rico
19%
Rhode Island
16%
Prince Edward Island
15%

Score Distribution

Percentile by Number Answered

Percent of People with Each Score

Your Score History

You have not taken this quiz